| 000 | 00500nam a22001817a 4500 | ||
|---|---|---|---|
| 005 | 20231011165155.0 | ||
| 008 | 231006b |||||||| |||| 00| 0 eng d | ||
| 020 | _a9788184489941 | ||
| 082 |
_a614.1 _bGOR |
||
| 100 | _aGorea,R.K | ||
| 245 |
_aPractical Aspects of Forensic Medicine _bA Manual for Undergraduates and General Practitioners |
||
| 260 |
_aIndia _bJaypee Brother _c2010 |
||
| 300 | _a296 | ||
| 500 | _aInclude Index | ||
| 650 | _aMedical | ||
| 700 | _aGorea RK | ||
| 942 |
_iBook _6BOOK |
||
| 999 |
_c33790 _d33790 |
||